00921nam a22001815i 4500001000700000003000900007005001700016008004100033040003000074100005200104245017600156260007200332300002100404610005600425852009600481999001900577952014300596167547ES-MaACL20230906213540.0981201s1887 sp |||| | spa d aCCPB | B bspa cCCPB | B1 aVilla y Martín, Santiago de la Villa.913372910aDiscursos leidos en la Real Academia de Medicina para la recepción Pública del Académico electo D. Santiago de la Villa y Martín, el día 18 de Diciembre de 1887. aMadrid : bEstablecimiento Tipográfico de Manuel Minuesa, c1887. a55 p. ; c27 cm.04aReal Academia Nacional de Medicina (España)96344 aES-MaACLjT-450-F-7 z-- Enc. hol., falto de la cub. original z-- Enc. en un vol. facticio c167547d167547 001040708Colección_de_folletosaATENEOMbATENEOMcDEPOFd2008-01-17l0oT-450-F-7p1175774r2023-02-23 00:00:00w2023-02-23yFOLLETOS